00606nam a2200133 a 450000500170000000800410001705000170005810000230007524500970009826000370019552002020023265000200043465000180045420140414132111.0110513s19uu xx 00 eng d aTRbW56 2003 aSpelman, Cornelia. aWhen I feel good about myself /cby Cornelia Maude Spelman ; illustrated by Kathy Parkinson. aNEW YORK :bScholastic ,c2003. aA young guinea pig explains that self-confidence comes from learning new things without being afraid of making mistakes and to remember that everyone has different qualities that make them lovable. aSelf-confidence aIndividuality